=LDR 00000nam 2200000 4500 =001 INLIS000000000042301 =005 20131008015103 =008 ***********************************ind** =035 ##$$0010-101300000000223 =041 ##$$a ind =082 ##$$a 613 =090 ##$$a 613, Fel d =100 ##$$a Filla Karenina Susanti =245 ##$$a 26 Kiat tubuh sehat dan bugar, Fella karenina susanti; Editor, Emi sulami =260 ##$$a 2007 $b Jakarta =300 ##$$a Iv,60 hlm, Ilus, 23 cm =650 ##$$a KESEHATAN =700 ##$$a Emi Sulami =850 ##$$a NBPNMAT